[Event "Aarhus Festuge-A"]
[Site "Aarhus"]
[Date "2020.09.12"]
[Round "2"]
[White "Madsen, Michael Bohring"]
[Black "Taylor, Graham C"]
[Result "1/2-1/2"]
[WhiteElo "2064"]
[BlackElo "1835"]
[PlyCount "40"]
[EventDate "2020.09.11"]
[EventType "swiss"]
[EventRounds "5"]
[EventCountry "DEN"]
[SourceTitle "EXT 2022"]
[Source "ChessBase"]
[SourceDate "2021.10.06"]
[SourceVersion "1"]
[SourceVersionDate "2021.10.06"]
[SourceQuality "1"]

1. d4 Nf6 2. c4 e6 3. Nc3 Bb4 4. e3 0-0 5. Bd3 d5 6. Nge2 c5 7. cxd5 cxd4 8. exd4 Nxd5 9. a3 Be7 10. Nxd5 exd5 11. 0-0 Nc6 12. b4 Bf6 13. b5 Ne7 14. Qc2 g6 15. Bb2 Bf5 16. Rad1 Qd7 17. a4 Rfc8 18. Qb3 Bxd3 19. Rxd3 Rc4 20. Rfd1 a6 1/2-1/2

[Event "Aarhus Festuge-A"]
[Site "Aarhus"]
[Date "2020.09.12"]
[Round "3"]
[White "Taylor, Graham C"]
[Black "Kistrup, Nicolai"]
[Result "0-1"]
[WhiteElo "1835"]
[BlackElo "2146"]
[PlyCount "90"]
[EventDate "2020.09.11"]
[EventType "swiss"]
[EventRounds "5"]
[EventCountry "DEN"]
[SourceTitle "EXT 2022"]
[Source "ChessBase"]
[SourceDate "2021.10.06"]
[SourceVersion "1"]
[SourceVersionDate "2021.10.06"]
[SourceQuality "1"]

1. d4 Nf6 2. c4 g6 3. Nc3 Bg7 4. e4 d6 5. Nf3 0-0 6. Be2 e5 7. d5 a5 8. Bg5 h6 9. Bh4 g5 10. Bg3 Nh5 11. Nd2 Nf4 12. 0-0 f5 13. exf5 Bxf5 14. Nde4 b6 15. Bg4 Bg6 16. Bxf4 exf4 17. Be6+ Kh7 18. f3 Nd7 19. Bxd7 Qxd7 20. Qd2 Rae8 21. Rae1 g4 22. Kh1 Re5 23. fxg4 Qxg4 24. Nf2 Rxe1 25. Qxe1 Qh4 26. Nh3 Qxe1 27. Rxe1 f3 28. gxf3 Bh5 29. f4 Bf3+ 30. Kg1 Bd4+ 31. Kf1 Rg8 32. Re7+ Kh8 33. Nf2 Rf8 34. Nd3 c5 35. dxc6 Bxc6 36. Re6 Rf6 37. Rxf6 Bxf6 38. Nd5 Bd4 39. b3 b5 40. Ne7 Be4 41. Ke2 bxc4 42. bxc4 Kg7 43. Nc8 d5 44. c5 Bxd3+ 45. Kxd3 Bxc5 0-1

[Event "Aarhus op-A"]
[Site "Aarhus"]
[Date "2017.09.09"]
[Round "4"]
[White "Taylor, Graham C"]
[Black "Vangsgaard, Freja"]
[Result "1-0"]
[WhiteElo "1864"]
[BlackElo "2062"]
[PlyCount "111"]
[EventDate "2017.09.08"]
[EventType "swiss"]
[EventRounds "7"]
[EventCountry "DEN"]
[SourceTitle "EXT 2018"]
[Source "ChessBase"]
[SourceDate "2017.10.13"]
[SourceVersion "1"]
[SourceVersionDate "2017.10.13"]
[SourceQuality "1"]

1. c4 Nf6 2. Nf3 e6 3. g3 b6 4. Bg2 Bb7 5. 0-0 Be7 6. Nc3 0-0 7. Re1 d6 8. e4 e5 9. d4 Nbd7 10. Qc2 Re8 11. d5 Nf8 12. h3 Ng6 13. Be3 h5 14. b4 h4 15. Nd2 hxg3 16. fxg3 Nh5 17. Bf2 Bf8 18. Ne2 Bc8 19. c5 Bd7 20. Rac1 Qg5 21. Nf3 Qh6 22. Qd2 Nf6 23. Qxh6 gxh6 24. Nd2 Nh7 25. cxb6 cxb6 26. Rc7 Nf6 27. Rec1 Rec8 28. Rxc8 Rxc8 29. Rxc8 Bxc8 30. a4 Nd7 31. Nc3 Ba6 32. Bf1 Bxf1 33. Kxf1 Ne7 34. Nb5 Nc8 35. Nc4 Kg7 36. a5 Kf6 37. Ke2 Ke7 38. axb6 axb6 39. g4 Bg7 40. Kd3 Bf8 41. Ne3 f6 42. Nf5+ Kf7 43. Be3 Kg6 44. Kc4 h5 45. Nh4+ Kf7 46. gxh5 Kg7 47. Nf5+ Kf7 48. h4 Be7 49. h6 Nf8 50. h5 Nh7 51. Nc3 Bd8 52. Kb5 Na7+ 53. Ka6 Nc8 54. Kb7 Ne7 55. Nxd6+ Kg8 56. Bxb6 1-0

[Event "Aarhus op-A"]
[Site "Aarhus"]
[Date "2017.09.08"]
[Round "1"]
[White "Skytte, Rasmus"]
[Black "Taylor, Graham C"]
[Result "1-0"]
[WhiteElo "2394"]
[BlackElo "1864"]
[PlyCount "63"]
[EventDate "2017.09.08"]
[EventType "swiss"]
[EventRounds "7"]
[EventCountry "DEN"]
[SourceTitle "EXT 2018"]
[Source "ChessBase"]
[SourceDate "2017.10.13"]
[SourceVersion "1"]
[SourceVersionDate "2017.10.13"]
[SourceQuality "1"]

1. e4 e5 2. Bc4 Nf6 3. d3 Nc6 4. Nc3 Bb4 5. Nge2 d5 6. exd5 Nxd5 7. a3 Nxc3 8. Nxc3 Bxc3+ 9. bxc3 0-0 10. 0-0 Qh4 11. Rb1 b6 12. Bd5 Qf6 13. f4 Rb8 14. fxe5 Qxe5 15. Qf3 Nd8 16. c4 Be6 17. Bb2 Qd6 18. Rbe1 Bxd5 19. cxd5 Qc5+ 20. Rf2 Nb7 21. Qg4 f6 22. Bd4 Qxa3 23. Bxf6 Rf7 24. Bd4 Qf8 25. Ref1 Rxf2 26. Rxf2 Qe7 27. Bf6 Qf8 28. Qe6+ Kh8 29. Be5 Qe8 30. Rf7 Qxe6 31. dxe6 Nd6 32. Rxg7 1-0

[Event "Copenhagen Obro New Year op"]
[Site "Copenhagen"]
[Date "2012.12.28"]
[Round "3"]
[White "Taylor, Graham C"]
[Black "Nilssen, John Arni"]
[Result "0-1"]
[WhiteElo "1968"]
[BlackElo "2363"]
[PlyCount "106"]
[EventDate "2012.12.27"]
[EventType "swiss"]
[EventRounds "7"]
[EventCountry "DEN"]
[SourceTitle "CBM 152 Extra"]
[Source "ChessBase"]
[SourceDate "2013.02.25"]
[SourceVersion "1"]
[SourceVersionDate "2013.02.25"]
[SourceQuality "1"]

1. c4 Nf6 2. Nc3 g6 3. g3 Bg7 4. Bg2 0-0 5. Nf3 d5 6. cxd5 Nxd5 7. 0-0 c5 8. Nxd5 Qxd5 9. d3 Qd6 10. Bf4 e5 11. Be3 Na6 12. Nd2 Qe7 13. a3 Be6 14. Qa4 Rab8 15. Rac1 Rfc8 16. Ne4 Rc7 17. b4 cxb4 18. Rxc7 Nxc7 19. axb4 a6 20. Bc5 Qe8 21. Qxe8+ Nxe8 22. Nd6 Nxd6 23. Bxd6 Rd8 24. Bc5 Rd7 25. Rb1 Bd5 26. Bf1 Bc6 27. Rc1 f5 28. e3 Bf6 29. f4 Kg7 30. fxe5 Bxe5 31. d4 Bf6 32. b5 axb5 33. Rb1 Rd8 34. Bxb5 Be4 35. Ra1 Kh6 36. Ra3 Rc8 37. Ra2 Bd5 38. Ra3 Bd8 39. Bf8+ Kg5 40. h4+ Kf6 41. Bd6 Rc1+ 42. Kf2 Ke6 43. Bf4 Rc2+ 44. Ke1 Rb2 45. Bd3 Be7 46. Ra1 Bb4+ 47. Kf1 Rh2 48. Rb1 Ba5 49. Kg1 Rh1+ 50. Kf2 Rxb1 51. Bxb1 b5 52. g4 b4 53. h5 b3 0-1

[Event "Copenhagen Obro New Year op"]
[Site "Copenhagen"]
[Date "2012.12.27"]
[Round "1"]
[White "Taylor, Graham C"]
[Black "Ochsner, Bjorn Moller"]
[Result "0-1"]
[WhiteElo "1968"]
[BlackElo "2311"]
[PlyCount "56"]
[EventDate "2012.12.27"]
[EventType "swiss"]
[EventRounds "7"]
[EventCountry "DEN"]
[SourceTitle "CBM 152 Extra"]
[Source "ChessBase"]
[SourceDate "2013.02.25"]
[SourceVersion "1"]
[SourceVersionDate "2013.02.25"]
[SourceQuality "1"]

1. c4 c5 2. Nc3 Nc6 3. Nf3 g6 4. e3 Nf6 5. d4 cxd4 6. exd4 d5 7. Bg5 Ne4 8. cxd5 Nxc3 9. bxc3 Qxd5 10. c4 Qe4+ 11. Be2 Bg7 12. 0-0 Nxd4 13. Nxd4 Qxd4 14. Qxd4 Bxd4 15. Rad1 Bb6 16. c5 Ba5 17. Bb5+ Kf8 18. Bh6+ Kg8 19. Bd7 f6 20. Bxc8 Rxc8 21. Rd7 Kf7 22. Be3 Rc7 23. Rxc7 Bxc7 24. Rb1 Rb8 25. Kf1 Ke6 26. Ke2 Kd5 27. Rb4 a6 28. Kd3 Kc6 0-1

[Event "Copenhagen-ch Obro 75th"]
[Site "Copenhagen"]
[Date "2011.10.22"]
[Round "9"]
[White "Taylor, Graham C"]
[Black "Haubro, Sigfred"]
[Result "1-0"]
[WhiteElo "2025"]
[BlackElo "2109"]
[PlyCount "53"]
[EventDate "2011.10.14"]
[EventType "swiss"]
[EventRounds "9"]
[EventCountry "DEN"]
[SourceTitle "EXT 2018"]
[Source "ChessBase"]
[SourceDate "2017.10.13"]
[SourceVersion "1"]
[SourceVersionDate "2017.10.13"]
[SourceQuality "1"]

1. c4 f5 2. Nf3 Nf6 3. g3 e6 4. Bg2 Be7 5. 0-0 0-0 6. Nc3 d5 7. d3 c6 8. e4 fxe4 9. dxe4 dxc4 10. Qe2 b5 11. e5 Nd5 12. Ne4 h6 13. a4 Bd7 14. Rd1 a5 15. Nd4 Na6 16. axb5 cxb5 17. Qg4 Kh8 18. Bxh6 gxh6 19. Nxe6 Bxe6 20. Qxe6 Qb6 21. Nd6 Qxf2+ 22. Kh1 Ne3 23. Qxh6+ Kg8 24. Qg6+ Kh8 25. Be4 Rf5 26. Nxf5 Nxd1 27. Qg7# 1-0

[Event "Politiken Cup 32nd"]
[Site "Copenhagen"]
[Date "2010.08.06"]
[Round "8"]
[White "Taylor, Graham C"]
[Black "Hornsgaard, Jens Boe"]
[Result "0-1"]
[WhiteElo "2160"]
[BlackElo "2044"]
[PlyCount "88"]
[EventDate "2010.07.31"]
[EventType "swiss"]
[EventRounds "10"]
[EventCountry "DEN"]
[SourceTitle "CBM 137 Extra"]
[Source "ChessBase"]
[SourceDate "2010.09.01"]
[SourceVersion "1"]
[SourceVersionDate "2010.09.01"]
[SourceQuality "1"]

1. c4 e5 2. Nc3 Nf6 3. Nf3 Nc6 4. g3 Bb4 5. Bg2 0-0 6. 0-0 Bxc3 7. bxc3 e4 8. Ng5 Re8 9. f3 e3 10. dxe3 b6 11. e4 h6 12. Nh3 Qe7 13. Be3 Ba6 14. Qa4 Na5 15. c5 Bxe2 16. Rfe1 Bc4 17. Nf4 Be6 18. Bf2 Nb7 19. Nxe6 fxe6 20. cxb6 axb6 21. Qc2 e5 22. Bf1 Ra3 23. Bc4+ Kh8 24. Kg2 Rea8 25. Qb2 Nc5 26. Bxc5 Qxc5 27. Bb3 Re8 28. Rad1 Raa8 29. Qf2 Qxf2+ 30. Kxf2 Ra5 31. Re2 Rc5 32. Rc2 g5 33. h3 Kg7 34. Ke3 d6 35. Kf2 Kg6 36. Ke3 h5 37. Rdd2 Rh8 38. Be6 h4 39. Rg2 hxg3 40. Rxg3 Nh5 41. Rg4 Kf6 42. Bf5 Ng7 43. Kd3 Nxf5 44. exf5 Rxh3 0-1

[Event "Politiken Cup 32nd"]
[Site "Copenhagen"]
[Date "2010.08.05"]
[Round "7"]
[White "Ebeling, Jens"]
[Black "Taylor, Graham C"]
[Result "1-0"]
[WhiteElo "1999"]
[BlackElo "2160"]
[PlyCount "59"]
[EventDate "2010.07.31"]
[EventType "swiss"]
[EventRounds "10"]
[EventCountry "DEN"]
[SourceTitle "CBM 137 Extra"]
[Source "ChessBase"]
[SourceDate "2010.09.01"]
[SourceVersion "1"]
[SourceVersionDate "2010.09.01"]
[SourceQuality "1"]

1. e4 c5 2. Nc3 Nc6 3. Bb5 Nd4 4. Bc4 g6 5. d3 Bg7 6. Nge2 e6 7. 0-0 Ne7 8. Nxd4 cxd4 9. Ne2 0-0 10. Bg5 d6 11. Qd2 Qc7 12. Ng3 Rd8 13. Bh6 f6 14. Bxg7 Kxg7 15. f4 d5 16. Bb3 dxe4 17. dxe4 a5 18. a4 Ra6 19. Rf3 Qc5 20. Kh1 Rad6 21. e5 fxe5 22. Ne4 Qb4 23. Qxb4 axb4 24. Nxd6 Rxd6 25. fxe5 Rd8 26. Rd1 Nc6 27. Rf4 b6 28. Kg1 Re8 29. Bc4 Re7 30. Bb5 1-0

[Event "West of England op"]
[Site "Exmouth"]
[Date "2009.04.10"]
[Round "1"]
[White "Krzyzanowski, Patryk"]
[Black "Taylor, Graham C"]
[Result "1-0"]
[WhiteElo "2024"]
[BlackElo "2160"]
[PlyCount "83"]
[EventDate "2009.04.10"]
[EventType "swiss"]
[EventRounds "7"]
[EventCountry "ENG"]
[SourceTitle "EXT 2011"]
[Source "ChessBase"]
[SourceDate "2010.11.26"]
[SourceVersion "1"]
[SourceVersionDate "2010.11.26"]
[SourceQuality "1"]

1. d4 d5 2. c4 e6 3. Nc3 Nf6 4. cxd5 exd5 5. Bg5 Be7 6. e3 0-0 7. Bd3 Nbd7 8. Nf3 Re8 9. 0-0 c6 10. Qc2 Nf8 11. a3 a5 12. Rab1 Ng6 13. b4 axb4 14. axb4 Ne4 15. Bxe7 Qxe7 16. b5 Bg4 17. Nd2 Ng5 18. Bf5 Bxf5 19. Qxf5 Ra3 20. Rfc1 Nh4 21. Qg4 Ne6 22. g3 Ng6 23. bxc6 bxc6 24. Rb6 Nd8 25. Nb3 Qa7 26. Rb4 Ne7 27. Kg2 Ne6 28. Nb1 Ra2 29. Nc5 Nxc5 30. Rxc5 g6 31. Qf4 Kg7 32. Qe5+ f6 33. Qe6 Ra8 34. Nc3 Rd2 35. Ra4 Qb7 36. Rxa8 Qxa8 37. Qxe7+ Kh6 38. Qxf6 Qa1 39. Qf8+ Kh5 40. g4+ Kxg4 41. Qf4+ Kh5 42. Ne4 1-0